[Event "18. Copenhagen Open (Politiken Cup)"]
[Site "Brondby"]
[Date "1996.??.??"]
[Round "7"]
[White "Kulaots, Kaido"]
[Black "Matthiesen, Arne"]
[Result "1-0"]
[WhiteElo "2400"]
[BlackElo "2255"]
[PlyCount "59"]
[EventDate "1996.??.??"]
[EventType "swiss"]
[EventRounds "11"]
[EventCountry "DEN"]
[SourceDate "2004.01.01"]

1. e4 e6 2. d4 d5 3. Nc3 Nf6 4. Bg5 dxe4 5. Nxe4 Nbd7 6. Nf3 h6 7. Nxf6+ Nxf6
8. Be3 Be7 9. Qd2 Nd5 10. O-O-O Qd6 11. Kb1 b6 12. Bb5+ c6 13. Be2 Bb7 14. Ne5
Bf6 15. Ng4 Be7 16. h4 O-O-O 17. Ne5 Rhf8 18. Bh5 Nxe3 19. Qxe3 g6 20. Bf3 Bf6
21. a3 Bg7 22. Rd3 c5 23. Bxb7+ Kxb7 24. Rhd1 Kc7 25. Nxf7 cxd4 26. Nxd8 dxe3
27. Rxd6 Rxd8 28. Rxd8 e2 29. R8d7+ Kc6 30. R1d6+ 1-0

[Event "18. Copenhagen Open (Politiken Cup)"]
[Site "Brondby"]
[Date "1996.??.??"]
[Round "7"]
[White "Lejlic, Samir"]
[Black "Christensen, Bo Garner"]
[Result "0-1"]
[WhiteElo "2420"]
[BlackElo "2225"]
[PlyCount "64"]
[EventDate "1996.??.??"]
[EventType "swiss"]
[EventRounds "11"]
[EventCountry "DEN"]
[SourceDate "2004.01.01"]

1. e4 c5 2. Nf3 d6 3. d4 cxd4 4. Nxd4 Nf6 5. Nc3 a6 6. Bg5 e6 7. Qf3 Be7 8.
O-O-O Nbd7 9. Be2 O-O 10. g4 Qa5 11. h4 Ne5 12. Qg3 Bd7 13. f4 Nc6 14. e5 dxe5
15. fxe5 Nxd4 16. Rxd4 Bc5 17. Rdd1 Nd5 18. Nxd5 exd5 19. Kb1 Be6 20. h5 Rfc8
21. Bd3 d4 22. b3 Bb4 23. Qf4 Bd5 24. Qxd4 Bxh1 25. Rxh1 h6 26. Bf4 Rc5 27. Qe4
Bc3 28. g5 hxg5 29. Bxg5 f5 30. exf6 Rxg5 31. f7+ Kf8 32. Qf4 Qa3 0-1

[Event "18. Copenhagen Open (Politiken Cup)"]
[Site "Brondby"]
[Date "1996.??.??"]
[Round "7"]
[White "Lilja, Richard"]
[Black "Costello, Colin"]
[Result "1-0"]
[WhiteElo "2170"]
[BlackElo "2070"]
[PlyCount "78"]
[EventDate "1996.??.??"]
[EventType "swiss"]
[EventRounds "11"]
[EventCountry "DEN"]
[SourceDate "2004.01.01"]

1. e4 e6 2. d4 d5 3. Nc3 Bb4 4. e5 c5 5. a3 Bxc3+ 6. bxc3 Qc7 7. Qg4 f6 8. Nf3
c4 9. g3 Qf7 10. a4 Nc6 11. Be2 Nge7 12. h4 Qg6 13. O-O Bd7 14. Ra2 O-O-O 15.
Ba3 Nf5 16. Qh3 h5 17. Rb1 Rdg8 18. Bb4 Qf7 19. Qh2 g5 20. exf6 gxh4 21. Nxh4
Qxf6 22. Nxf5 Qxf5 23. Bd6 h4 24. Kf1 h3 25. g4 Qe4 26. Rab2 b6 27. f3 Qe3 28.
a5 Nxa5 29. Bf4 Qxc3 30. Bb8 Kd8 31. Bxa7 Nc6 32. Bxb6+ Ke8 33. Bc5 Qe3 34. Re1
Qc3 35. Rb7 e5 36. Bd1 Kd8 37. Rxe5 Nxe5 38. Qxe5 Rh7 39. Bb6+ Kc8 1-0

[Event "18. Copenhagen Open (Politiken Cup)"]
[Site "Brondby"]
[Date "1996.??.??"]
[Round "7"]
[White "Liss, Eran"]
[Black "Gulko, Boris F"]
[Result "1/2-1/2"]
[WhiteElo "2480"]
[BlackElo "2615"]
[PlyCount "49"]
[EventDate "1996.??.??"]
[EventType "swiss"]
[EventRounds "11"]
[EventCountry "DEN"]
[SourceDate "2004.01.01"]

1. e4 c6 2. d4 d5 3. exd5 cxd5 4. c4 Nf6 5. Nc3 Nc6 6. Bg5 e6 7. cxd5 exd5 8.
Bb5 Be7 9. Nge2 O-O 10. O-O h6 11. Bh4 Bg4 12. f3 Bf5 13. Kh1 Rc8 14. Rc1 a6
15. Bd3 Bxd3 16. Qxd3 Re8 17. Rcd1 Nd7 18. Bxe7 Nxe7 19. Nf4 Nb6 20. Rfe1 Qd6
21. g3 Nc6 22. Rxe8+ Rxe8 23. b3 g6 24. Kg2 Kg7 25. Kf2 1/2-1/2

[Event "18. Copenhagen Open (Politiken Cup)"]
[Site "Brondby"]
[Date "1996.??.??"]
[Round "7"]
[White "Lynge, Michael"]
[Black "Koch, Wolfgang Max"]
[Result "1/2-1/2"]
[WhiteElo "2170"]
[BlackElo "2325"]
[PlyCount "25"]
[EventDate "1996.??.??"]
[EventType "swiss"]
[EventRounds "11"]
[EventCountry "DEN"]
[SourceDate "2004.01.01"]

1. d4 d6 2. e4 Nf6 3. Nc3 g6 4. Be3 Bg7 5. Qd2 c6 6. Bh6 Bxh6 7. Qxh6 Qa5 8.
Bd3 Na6 9. Nge2 Nb4 10. h3 Nxd3+ 11. cxd3 Qh5 12. Qe3 O-O 13. O-O 1/2-1/2

[Event "18. Copenhagen Open (Politiken Cup)"]
[Site "Brondby"]
[Date "1996.??.??"]
[Round "7"]
[White "Molvig, Henrik"]
[Black "Steingrimsson, Hedinn"]
[Result "1-0"]
[WhiteElo "2180"]
[BlackElo "2405"]
[PlyCount "91"]
[EventDate "1996.??.??"]
[EventType "swiss"]
[EventRounds "11"]
[EventCountry "DEN"]
[SourceDate "2004.01.01"]

1. d4 Nf6 2. c4 e6 3. Nf3 b6 4. g3 Bb7 5. Bg2 Be7 6. O-O O-O 7. d5 exd5 8. Nh4
c6 9. cxd5 Nxd5 10. Nf5 Nc7 11. Nc3 Ne6 12. Nd6 Qc7 13. Ncb5 Bxd6 14. Nxc7 Bxc7
15. e4 c5 16. f4 Nc6 17. Qg4 f6 18. Bd2 Kh8 19. Bc3 b5 20. b3 Rae8 21. Rae1 a5
22. Qh5 a4 23. Bh3 g6 24. Qd5 b4 25. Ba1 Bb6 26. Qxd7 c4+ 27. Kh1 Re7 28. Qd6
Bc5 29. Qd1 axb3 30. Bxe6 c3 31. Bd5 b2 32. Bxb2 cxb2 33. Qc2 Bb6 34. Qxb2 Bd4
35. Qc2 Bc3 36. Rd1 Nd4 37. Rxd4 Bxd4 38. Rd1 Bc3 39. Qb3 Rc8 40. Bxb7 Rxb7 41.
Qe6 Ra8 42. e5 fxe5 43. fxe5 Rba7 44. Rf1 Rxa2 45. Rf7 R2a6 46. Qe7 1-0

[Event "18. Copenhagen Open (Politiken Cup)"]
[Site "Brondby"]
[Date "1996.??.??"]
[Round "7"]
[White "Nielsen, Carsten Juul"]
[Black "Hvenekilde, Jorgen"]
[Result "1/2-1/2"]
[WhiteElo "2080"]
[BlackElo "2315"]
[PlyCount "32"]
[EventDate "1996.??.??"]
[EventType "swiss"]
[EventRounds "11"]
[EventCountry "DEN"]
[SourceDate "2004.01.01"]

1. d4 Nf6 2. c4 g6 3. Nc3 Bg7 4. e4 d6 5. Bd3 O-O 6. Nge2 c6 7. O-O e5 8. d5
cxd5 9. cxd5 Nfd7 10. Be3 f5 11. f3 Nf6 12. Rc1 fxe4 13. Nxe4 Nxe4 14. fxe4 Nd7
15. Qb3 b6 16. Qc2 Nc5 1/2-1/2

[Event "18. Copenhagen Open (Politiken Cup)"]
[Site "Brondby"]
[Date "1996.??.??"]
[Round "7"]
[White "Nilssen, John Arni"]
[Black "Hellsten, Johan"]
[Result "1/2-1/2"]
[WhiteElo "2275"]
[BlackElo "2475"]
[PlyCount "137"]
[EventDate "1996.??.??"]
[EventType "swiss"]
[EventRounds "11"]
[EventCountry "DEN"]
[SourceDate "2004.01.01"]

1. d4 Nf6 2. c4 e6 3. g3 d5 4. Bg2 dxc4 5. Nf3 Nc6 6. Nc3 Nd5 7. O-O Nb6 8. e4
Be7 9. Be3 O-O 10. Qe2 Bd7 11. Rfd1 Qc8 12. d5 Nb4 13. Ne5 exd5 14. a3 Nd3 15.
Nxd3 Bg4 16. f3 cxd3 17. Qxd3 dxe4 18. Qxe4 Be6 19. f4 Bf6 20. Bc5 c6 21. Bxf8
Qxf8 22. Qf3 a5 23. Qf2 Bd8 24. Kh1 a4 25. Rd4 Be7 26. f5 Bb3 27. Rg4 Nd7 28.
Re4 Nf6 29. Re2 Bc5 30. Qf4 Rd8 31. Rae1 Rd4 32. Ne4 Nxe4 33. Rxe4 Rxe4 34.
Qxe4 f6 35. Bf1 Qf7 36. Qe8+ Bf8 37. Qxf7+ Kxf7 38. Bd3 Bd6 39. Be4 Be5 40. Re2
Ke7 41. Rd2 Bd6 42. Kg2 Kd7 43. Kf3 b5 44. Ke2 Kc7 45. Bc2 Bf7 46. Be4 Be5 47.
Kd1 c5 48. Kc1 Bd4 49. Kb1 Kd6 50. Bd3 Be8 51. Re2 Bd7 52. Re4 Be5 53. Rg4 g5
54. fxg6 Bxg4 55. g7 Be6 56. Bxh7 f5 57. g8=Q Bxg8 58. Bxg8 Bd4 59. Bf7 Bg1 60.
Be8 Bxh2 61. Bxb5 Bxg3 62. Bxa4 Kd5 63. Bc2 f4 64. Bd3 Kd4 65. Bf1 f3 66. Kc2
Be1 67. b3 Bh4 68. b4 cxb4 69. axb4 1/2-1/2

[Event "18. Copenhagen Open (Politiken Cup)"]
[Site "Brondby"]
[Date "1996.??.??"]
[Round "7"]
[White "Nilsson, Lars"]
[Black "Pedersen, Hans Dahl"]
[Result "0-1"]
[WhiteElo "2200"]
[BlackElo "2185"]
[PlyCount "22"]
[EventDate "1996.??.??"]
[EventType "swiss"]
[EventRounds "11"]
[EventCountry "DEN"]
[SourceDate "2004.01.01"]

1. e4 c6 2. c4 d5 3. exd5 cxd5 4. cxd5 Nf6 5. Bb5+ Bd7 6. Bc4 Qc7 7. Qb3 b5 8.
Na3 bxc4 9. Nxc4 Nxd5 10. Ne2 Nc6 11. d4 e6 0-1

[Event "18. Copenhagen Open (Politiken Cup)"]
[Site "Brondby"]
[Date "1996.??.??"]
[Round "7"]
[White "Nouro, Mikael"]
[Black "Antonsen, Mikkel"]
[Result "0-1"]
[WhiteElo "2275"]
[BlackElo "2410"]
[PlyCount "34"]
[EventDate "1996.??.??"]
[EventType "swiss"]
[EventRounds "11"]
[EventCountry "DEN"]
[SourceDate "2004.01.01"]

1. e4 e6 2. d4 d5 3. Nd2 Nf6 4. e5 Nfd7 5. Bd3 c5 6. c3 Nc6 7. Ngf3 f5 8. exf6
Nxf6 9. O-O Bd6 10. Re1 O-O 11. Nf1 cxd4 12. cxd4 Qb6 13. Ng3 Bd7 14. Bg5 Ng4
15. h3 Nxf2 16. Kxf2 Qxd4+ 17. Be3 Qh4 0-1

[Event "18. Copenhagen Open (Politiken Cup)"]
[Site "Brondby"]
[Date "1996.??.??"]
[Round "7"]
[White "Persson, Richard"]
[Black "Ligaard, Morten Lund"]
[Result "1-0"]
[WhiteElo "2140"]
[BlackElo "2210"]
[PlyCount "75"]
[EventDate "1996.??.??"]
[EventType "swiss"]
[EventRounds "11"]
[EventCountry "DEN"]
[SourceDate "2004.01.01"]

1. e4 d5 2. exd5 Nf6 3. d4 Nxd5 4. Nf3 g6 5. Be2 Bg7 6. O-O O-O 7. c4 Nb6 8. h3
Nc6 9. Be3 e5 10. d5 Ne7 11. Qb3 Nf5 12. Bc5 e4 13. Nfd2 Re8 14. Nc3 Nd7 15.
Ba3 Nd4 16. Qd1 f5 17. Nb3 Nxb3 18. Qxb3 Qh4 19. Nb5 Be5 20. d6 e3 21. f4 Bxf4
22. Nxc7 Nf6 23. Nxe8 Nxe8 24. c5+ Kg7 25. d7 Bxd7 26. Qxb7 Nc7 27. Rad1 Be6
28. Qf3 Be5 29. Qxe3 Qf6 30. Bf3 Re8 31. Qd2 Qh4 32. Bc6 Qg3 33. Rf3 Qh2+ 34.
Kf2 Re7 35. b4 Bc4 36. Re1 Bf6 37. Rxe7+ Bxe7 38. Qd4+ 1-0

[Event "18. Copenhagen Open (Politiken Cup)"]
[Site "Brondby"]
[Date "1996.??.??"]
[Round "7"]
[White "Rowson, Jonathan"]
[Black "Pedersen, Daniel Vesterbaek"]
[Result "1-0"]
[WhiteElo "2415"]
[BlackElo "2250"]
[PlyCount "87"]
[EventDate "1996.??.??"]
[EventType "swiss"]
[EventRounds "11"]
[EventCountry "DEN"]
[SourceDate "2004.01.01"]

1. e4 e5 2. Nf3 Nc6 3. Bb5 a6 4. Ba4 Nf6 5. O-O Be7 6. Re1 b5 7. Bb3 O-O 8. c3
d5 9. exd5 Nxd5 10. Nxe5 Nxe5 11. Rxe5 c6 12. Bxd5 cxd5 13. d4 Bd6 14. Re3 Qh4
15. h3 Qf4 16. Re5 Qf6 17. Re1 Qg6 18. Qf3 Be6 19. Be3 Rae8 20. Nd2 b4 21. c4
dxc4 22. d5 c3 23. bxc3 bxc3 24. Nc4 Bc8 25. Rec1 Bb7 26. Rab1 Ba8 27. Rb6 Rd8
28. Rxc3 Rfe8 29. Kf1 Re6 30. h4 h5 31. Bg5 Bb4 32. Ne5 Bxc3 33. Qxc3 Qe4 34.
Rxe6 Rxd5 35. Re8+ Kh7 36. f3 Qb1+ 37. Kf2 Bb7 38. Kg3 Qb5 39. Bf4 Qxe8 40. Qc7
Qc8 41. Qxf7 Rc5 42. Nd7 Rc6 43. Nf8+ Kh8 44. Be5 1-0

[Event "18. Copenhagen Open (Politiken Cup)"]
[Site "Brondby"]
[Date "1996.??.??"]
[Round "7"]
[White "Sylvan, Jacob"]
[Black "Macieja, Bartlomiej"]
[Result "0-1"]
[WhiteElo "2265"]
[BlackElo "2430"]
[PlyCount "80"]
[EventDate "1996.??.??"]
[EventType "swiss"]
[EventRounds "11"]
[EventCountry "DEN"]
[SourceDate "2004.01.01"]

1. e4 c5 2. Nf3 d6 3. d4 Nf6 4. Nc3 cxd4 5. Nxd4 g6 6. Be3 Bg7 7. f3 O-O 8. Qd2
Nc6 9. Bc4 Bd7 10. h4 h5 11. O-O-O Ne5 12. Bb3 Rc8 13. Bg5 Rc5 14. Kb1 b5 15.
g4 a5 16. Bxf6 Bxf6 17. gxh5 a4 18. Bd5 e6 19. hxg6 exd5 20. h5 Bg5 21. f4 Nc4
22. Qf2 Qf6 23. Rdg1 Qxf4 24. Qxf4 Bxf4 25. g7 Rfc8 26. h6 Kh7 27. Nxd5 Rxd5
28. exd5 Be3 29. Rd1 a3 30. bxa3 Nd2+ 31. Kb2 Bxd4+ 32. Kc1 Nf3 33. Rd3 Bg4 34.
Rh4 Nxh4 35. Rxd4 f5 36. a4 bxa4 37. Rxa4 Kxh6 38. Ra7 f4 39. Kd2 Nf5 40. Rd7
Rg8 0-1

[Event "18. Copenhagen Open (Politiken Cup)"]
[Site "Brondby"]
[Date "1996.??.??"]
[Round "7"]
[White "Tseshkovsky, Vitaly"]
[Black "Hartman, Christer"]
[Result "1-0"]
[WhiteElo "2540"]
[BlackElo "2370"]
[PlyCount "84"]
[EventDate "1996.??.??"]
[EventType "swiss"]
[EventRounds "11"]
[EventCountry "DEN"]
[SourceDate "2004.01.01"]

1. e4 e5 2. Nf3 Nc6 3. Bb5 a6 4. Ba4 Nf6 5. O-O Nxe4 6. d4 b5 7. Bb3 d5 8. dxe5
Be6 9. Nbd2 Nc5 10. c3 Be7 11. Bc2 Bg4 12. Re1 d4 13. Nb3 d3 14. Bb1 Nxb3 15.
axb3 Bf5 16. Be3 O-O 17. Bd4 Nxd4 18. Nxd4 Bg6 19. Bxd3 Bxd3 20. Nc6 Qd7 21.
Nxe7+ Kh8 22. Re3 Rfd8 23. Nc6 Qxc6 24. Rxd3 Rxd3 25. Qxd3 Qe6 26. Qxb5 Rd8 27.
Qe2 Qxb3 28. h3 h6 29. Kh2 Rb8 30. Rxa6 Qxb2 31. Qxb2 Rxb2 32. f4 Rb8 33. Rc6
Rb7 34. Kg3 Kg8 35. e6 fxe6 36. Rxe6 Kf7 37. Rc6 Ke7 38. Kg4 Kd8 39. Kh5 Rb5+
40. Kg6 Rb2 41. g4 Rh2 42. Kxg7 Rxh3 1-0

[Event "18. Copenhagen Open (Politiken Cup)"]
[Site "Brondby"]
[Date "1996.??.??"]
[Round "7"]
[White "Wallace, John Paul"]
[Black "Berg, Emanuel"]
[Result "1/2-1/2"]
[WhiteElo "2370"]
[BlackElo "2180"]
[PlyCount "35"]
[EventDate "1996.??.??"]
[EventType "swiss"]
[EventRounds "11"]
[EventCountry "DEN"]
[SourceDate "2004.01.01"]

1. c4 e5 2. Nc3 Nc6 3. Nf3 Nf6 4. g3 Bc5 5. Bg2 O-O 6. O-O d6 7. a3 a6 8. d3 h6
9. b4 Ba7 10. Bb2 Be6 11. Qb3 Re8 12. Nd5 Nd7 13. e3 Ne7 14. d4 c6 15. Nxe7+
Qxe7 16. d5 cxd5 17. cxd5 Bf5 18. Rfd1 1/2-1/2

[Event "18. Copenhagen Open (Politiken Cup)"]
[Site "Brondby"]
[Date "1996.??.??"]
[Round "7"]
[White "Ward, Christopher"]
[Black "Brynell, Stellan"]
[Result "1/2-1/2"]
[WhiteElo "2505"]
[BlackElo "2445"]
[PlyCount "52"]
[EventDate "1996.??.??"]
[EventType "swiss"]
[EventRounds "11"]
[EventCountry "DEN"]
[SourceDate "2004.01.01"]

1. d4 e6 2. c4 Nf6 3. Nc3 Bb4 4. g3 c5 5. Nf3 cxd4 6. Nxd4 O-O 7. Bg2 d5 8. Qb3
Bxc3+ 9. Qxc3 e5 10. Nb3 Nc6 11. Bg5 dxc4 12. Qxc4 Be6 13. Qh4 Bxb3 14. axb3
Nd4 15. O-O Nxe2+ 16. Kh1 Nd4 17. Bxb7 Rb8 18. Be4 h6 19. Bxf6 Qxf6 20. Qxf6
gxf6 21. Rxa7 Rxb3 22. f4 exf4 23. Rxf4 Rxb2 24. Rxf6 Re8 25. Raxf7 Rxe4 26.
Rf8+ Kg7 1/2-1/2

[Event "18. Copenhagen Open (Politiken Cup)"]
[Site "Brondby"]
[Date "1996.??.??"]
[Round "8"]
[White "Aagaard, Jacob"]
[Black "Borge, Nikolaj"]
[Result "1-0"]
[WhiteElo "2290"]
[BlackElo "2455"]
[PlyCount "57"]
[EventDate "1996.??.??"]
[EventType "swiss"]
[EventRounds "11"]
[EventCountry "DEN"]
[SourceDate "2004.01.01"]

1. e4 c5 2. Nf3 d6 3. d4 cxd4 4. Nxd4 Nf6 5. Nc3 g6 6. Be3 Bg7 7. f3 Nc6 8. Qd2
O-O 9. O-O-O d5 10. exd5 Nxd5 11. Nxc6 bxc6 12. Bd4 e5 13. Bc5 Be6 14. Ne4 Rb8
15. h4 h6 16. g4 f5 17. gxf5 gxf5 18. Nd6 e4 19. Rg1 Kh7 20. Rxg7+ Kxg7 21.
fxe4 fxe4 22. Qg2+ Kh8 23. Bd4+ Nf6 24. Qg6 Bd5 25. Qxh6+ Kg8 26. Qg6+ Kh8 27.
Be5 Qe7 28. Nf5 Qf7 29. Qh6+ 1-0

[Event "18. Copenhagen Open (Politiken Cup)"]
[Site "Brondby"]
[Date "1996.??.??"]
[Round "8"]
[White "Antonsen, Mikkel"]
[Black "Tseshkovsky, Vitaly"]
[Result "1/2-1/2"]
[WhiteElo "2410"]
[BlackElo "2540"]
[PlyCount "138"]
[EventDate "1996.??.??"]
[EventType "swiss"]
[EventRounds "11"]
[EventCountry "DEN"]
[SourceDate "2004.01.01"]

1. d4 d6 2. e4 Nf6 3. f3 c5 4. d5 g6 5. c4 Bg7 6. Nc3 O-O 7. Nge2 e6 8. Ng3
exd5 9. cxd5 a6 10. a4 Nbd7 11. Be2 h5 12. Bg5 Qa5 13. Qd2 Re8 14. O-O c4 15.
Be3 Ne5 16. Nh1 Nfd7 17. f4 Nd3 18. Bxd3 cxd3 19. Nf2 Nc5 20. Bxc5 Qxc5 21. Kh1
Bd7 22. Rae1 Rac8 23. e5 dxe5 24. Nxd3 Qa5 25. fxe5 Rxc3 26. Qxc3 Qxd5 27. Nf4
Qc6 28. Qxc6 Bxc6 29. e6 fxe6 30. Rxe6 Rxe6 31. Nxe6 Bxb2 32. Rf8+ Kh7 33. a5
Bc3 34. Rf7+ Kh6 35. Nd8 Bxa5 36. Nxc6 bxc6 37. Rf6 Bb4 38. Rxc6 a5 39. h4 Be7
40. g3 a4 41. Ra6 a3 42. Kg2 Kg7 43. Kf3 Kf7 44. Ke4 Bb4 45. Kd5 Kg7 46. Ke6
Bc3 47. Rxa3 Bd4 48. Rd3 Bb2 49. Rd7+ Kg8 50. Kd5 Bc3 51. Ke4 Bf6 52. Kd5 Bc3
53. Ke6 Bb2 54. Rb7 Ba1 55. Ra7 Bb2 56. Ra2 Bc3 57. Rc2 Ba1 58. Rc1 Bb2 59. Rb1
Bc3 60. Rb3 Ba1 61. Rb7 Bc3 62. Rc7 Bb2 63. Kd5 Bf6 64. Ke4 Kf8 65. Kf4 Kg8 66.
Rb7 Kf8 67. Rd7 Kg8 68. g4 hxg4 69. Kxg4 Kf8 1/2-1/2

[Event "18. Copenhagen Open (Politiken Cup)"]
[Site "Brondby"]
[Date "1996.??.??"]
[Round "8"]
[White "Bekker Jensen, Simon"]
[Black "Pedersen, Nicolai Vesterbaek"]
[Result "0-1"]
[WhiteElo "2215"]
[BlackElo "2290"]
[PlyCount "62"]
[EventDate "1996.??.??"]
[EventType "swiss"]
[EventRounds "11"]
[EventCountry "DEN"]
[SourceDate "2004.01.01"]

1. d4 d5 2. c4 e6 3. Nc3 c6 4. Nf3 Nf6 5. Bg5 dxc4 6. e4 b5 7. e5 h6 8. Bh4 g5
9. Nxg5 hxg5 10. Bxg5 Nbd7 11. g3 Qa5 12. exf6 Ba6 13. Qf3 b4 14. Ne4 Qd5 15.
Be3 O-O-O 16. Be2 c5 17. Ng5 Bb7 18. O-O Qxg5 19. Qxb7+ Kxb7 20. Bxg5 cxd4 21.
Bxc4 Ne5 22. Be2 d3 23. Bd1 Bc5 24. Bf4 Bd4 25. Re1 Nc4 26. Bf3+ Kb6 27. Rab1
e5 28. Be3 Bxe3 29. fxe3 Nd2 30. Kg2 Nxb1 31. Rxb1 Rh6 0-1

[Event "18. Copenhagen Open (Politiken Cup)"]
[Site "Brondby"]
[Date "1996.??.??"]
[Round "8"]
[White "Berg, Emanuel"]
[Black "Kania, Andreas"]
[Result "1/2-1/2"]
[WhiteElo "2180"]
[BlackElo "2275"]
[PlyCount "59"]
[EventDate "1996.??.??"]
[EventType "swiss"]
[EventRounds "11"]
[EventCountry "DEN"]
[SourceDate "2004.01.01"]

1. e4 e6 2. d4 d5 3. Nc3 Nf6 4. e5 Nfd7 5. f4 c5 6. Nf3 Nc6 7. Be3 Qb6 8. Na4
Qa5+ 9. c3 b6 10. a3 c4 11. Be2 Ba6 12. Qc2 Bb5 13. Bd1 Be7 14. O-O Rc8 15. f5
Bxa4 16. Qxa4 Qxa4 17. Bxa4 exf5 18. Bg5 h6 19. Bxe7 Kxe7 20. Nh4 g6 21. Rae1
Nd8 22. g4 fxg4 23. e6 Nf6 24. exf7+ Kxf7 25. Re2 Rf8 26. Bc2 Rg8 27. Ba4 Rf8
28. Bc2 Rg8 29. Ba4 Rf8 30. Bc2 1/2-1/2

[Event "18. Copenhagen Open (Politiken Cup)"]
[Site "Brondby"]
[Date "1996.??.??"]
[Round "8"]
[White "Bogdanovich, Grigory"]
[Black "Macieja, Bartlomiej"]
[Result "0-1"]
[WhiteElo "2375"]
[BlackElo "2430"]
[PlyCount "114"]
[EventDate "1996.??.??"]
[EventType "swiss"]
[EventRounds "11"]
[EventCountry "DEN"]
[SourceDate "2004.01.01"]

1. d4 Nf6 2. Nf3 e6 3. e3 b6 4. Nbd2 Bb7 5. Bd3 c5 6. O-O cxd4 7. exd4 Be7 8.
Qe2 O-O 9. c3 d6 10. Nc4 Nbd7 11. Bf4 Qc7 12. h3 Rfd8 13. Bh2 Nf8 14. Rae1 Ng6
15. Ng5 Nd5 16. f4 Bxg5 17. fxg5 Ba6 18. Nd2 Bxd3 19. Qxd3 Qc6 20. Qf3 Rd7 21.
a3 b5 22. Ne4 Rf8 23. Qh5 a5 24. Qe2 e5 25. Qf3 Kh8 26. Kh1 b4 27. axb4 axb4
28. Rc1 bxc3 29. bxc3 Nb6 30. Qd3 d5 31. Nc5 e4 32. Qg3 Ra7 33. h4 Nc4 34. h5
Ne7 35. Qh3 f5 36. gxf6 Rxf6 37. Qg3 Ra8 38. Rxf6 Qxf6 39. Rb1 h6 40. Nd7 Qf5
41. Ne5 Nd2 42. Re1 Qxh5 43. Qe3 Ra2 44. Kg1 Ng6 45. Bg3 Nxe5 46. dxe5 Nf3+ 47.
gxf3 exf3 48. Qf2 Rxf2 49. Kxf2 Qh3 50. Kxf3 Qe6 51. Kg2 Kh7 52. Rd1 h5 53. Rd4
Qc6 54. Kh2 Qxc3 55. Rxd5 h4 56. Bf2 Qf3 57. Rd2 Qf4+ 0-1

[Event "18. Copenhagen Open (Politiken Cup)"]
[Site "Brondby"]
[Date "1996.??.??"]
[Round "8"]
[White "Borbjerggaard, Lars"]
[Black "Arduman, Can"]
[Result "1-0"]
[WhiteElo "2185"]
[BlackElo "2410"]
[PlyCount "109"]
[EventDate "1996.??.??"]
[EventType "swiss"]
[EventRounds "11"]
[EventCountry "DEN"]
[SourceDate "2004.01.01"]

1. d4 Nf6 2. c4 c5 3. d5 b5 4. cxb5 a6 5. bxa6 g6 6. Nc3 Bxa6 7. g3 Bg7 8. Bg2
d6 9. Nh3 Nbd7 10. O-O O-O 11. Qc2 Qa5 12. Rb1 Rfb8 13. Bd2 Ne5 14. b3 c4 15.
Rfc1 cxb3 16. axb3 Qd8 17. Nf4 Bc8 18. Nd3 Nxd3 19. Qxd3 Ra3 20. Qc2 Bd7 21.
Qb2 Ra7 22. e4 Rab7 23. Qc2 Qc8 24. Qd1 Ng4 25. Ne2 Qe8 26. Bc3 Bh6 27. f4 Qd8
28. h3 Nf6 29. e5 dxe5 30. Bxe5 Qb6+ 31. Kh2 Bf5 32. Ra1 Rd8 33. Qd4 Qxd4 34.
Nxd4 Ne8 35. d6 exd6 36. Bxb7 dxe5 37. Nxf5 gxf5 38. Rc8 Rxc8 39. Bxc8 exf4 40.
Bxf5 fxg3+ 41. Kxg3 Nd6 42. Bd3 Bd2 43. Ra4 h6 44. b4 Kf8 45. b5 Ke8 46. Ra6
Kd7 47. Rc6 Be3 48. Kf3 Bg5 49. Ke2 Bd8 50. Kd2 Ba5+ 51. Ke3 Bd8 52. Kd4 Bg5
53. Kd5 Bf4 54. b6 Nb7 55. Rf6 1-0

[Event "18. Copenhagen Open (Politiken Cup)"]
[Site "Brondby"]
[Date "1996.??.??"]
[Round "8"]
[White "Bromann, Thorbjorn"]
[Black "Madsen, Dag"]
[Result "1-0"]
[WhiteElo "2220"]
[BlackElo "2325"]
[PlyCount "55"]
[EventDate "1996.??.??"]
[EventType "swiss"]
[EventRounds "11"]
[EventCountry "DEN"]
[SourceDate "2004.01.01"]

1. e4 Nf6 2. e5 Nd5 3. d4 d6 4. c4 Nb6 5. exd6 exd6 6. Nc3 Be7 7. Nf3 O-O 8.
Be2 Nc6 9. O-O Bg4 10. b3 Bf6 11. Be3 d5 12. c5 Nc8 13. h3 Be6 14. b4 Nxb4 15.
Rb1 a5 16. a3 Na6 17. Bxa6 bxa6 18. Qa4 Ne7 19. Qxa5 Qe8 20. Bg5 Nc6 21. Qa4
Nxd4 22. Bxf6 Nxf3+ 23. gxf3 gxf6 24. Kh2 Kh8 25. Qh4 Qd8 26. Rg1 Qe7 27. Rbe1
c6 28. Re5 1-0

[Event "18. Copenhagen Open (Politiken Cup)"]
[Site "Brondby"]
[Date "1996.??.??"]
[Round "8"]
[White "Christensen, Bo Garner"]
[Black "Brinck Claussen, Bjorn"]
[Result "1-0"]
[WhiteElo "2225"]
[BlackElo "2380"]
[PlyCount "41"]
[EventDate "1996.??.??"]
[EventType "swiss"]
[EventRounds "11"]
[EventCountry "DEN"]
[SourceDate "2004.01.01"]

1. e4 e6 2. Nf3 d5 3. e5 b6 4. c3 Qd7 5. d4 Ne7 6. b4 Ba6 7. Bxa6 Nxa6 8. Qe2
Nb8 9. O-O Ng6 10. h4 h5 11. Bg5 c5 12. bxc5 bxc5 13. c4 cxd4 14. cxd5 Qxd5 15.
Nc3 Qd7 16. Nxd4 Bb4 17. Rfd1 Bxc3 18. Nb5 Bxe5 19. Rxd7 Nxd7 20. Rd1 Nf6 21.
f4 1-0

[Event "18. Copenhagen Open (Politiken Cup)"]
[Site "Brondby"]
[Date "1996.??.??"]
[Round "8"]
[White "Coleman, David"]
[Black "Clausen, Steen"]
[Result "0-1"]
[WhiteElo "2255"]
[BlackElo "2255"]
[PlyCount "60"]
[EventDate "1996.??.??"]
[EventType "swiss"]
[EventRounds "11"]
[EventCountry "DEN"]
[SourceDate "2004.01.01"]

1. e4 d6 2. d4 Nf6 3. Nc3 g6 4. f4 Bg7 5. Nf3 O-O 6. Be3 c6 7. Bd3 Nbd7 8. h3
Qa5 9. O-O e5 10. a3 Re8 11. Qd2 exd4 12. Bxd4 b5 13. Bf2 a6 14. Rfe1 Qc7 15.
Rad1 Bb7 16. Bf1 Bf8 17. g4 c5 18. Bg2 b4 19. axb4 cxb4 20. Nd5 Bxd5 21. exd5
Ne4 22. Rxe4 Rxe4 23. Nd4 Rae8 24. Bxe4 Rxe4 25. Ne2 Bg7 26. b3 a5 27. Ng3 Re8
28. Bd4 Bxd4+ 29. Qxd4 Qxc2 30. Qd3 Re1+ 0-1

[Event "18. Copenhagen Open (Politiken Cup)"]
[Site "Brondby"]
[Date "1996.??.??"]
[Round "8"]
[White "Costello, Colin"]
[Black "Guglielmi, Riccardo"]
[Result "0-1"]
[WhiteElo "2070"]
[BlackElo "2200"]
[PlyCount "66"]
[EventDate "1996.??.??"]
[EventType "swiss"]
[EventRounds "11"]
[EventCountry "DEN"]
[SourceDate "2004.01.01"]

1. c4 b6 2. Nc3 c5 3. Nf3 Bb7 4. e3 Nc6 5. d4 cxd4 6. exd4 e6 7. Bd3 Nf6 8. Bg5
Be7 9. O-O Qb8 10. Re1 Ng4 11. Bxe7 Nxe7 12. d5 Ng6 13. Bf5 Qf4 14. Bxg6 hxg6
15. Re4 Qf5 16. Nb5 Ke7 17. Nd6 Kxd6 18. dxe6+ Kc7 19. Qxd7+ Kb8 20. Qd6+ Kc8
21. Rf4 Qc2 22. Qd7+ Kb8 23. Rxg4 fxe6 24. Qd6+ Kc8 25. Qxe6+ Kb8 26. Qd6+ Kc8
27. Rd1 Bxf3 28. gxf3 Kb7 29. Rxg6 Rag8 30. Qc6+ Kb8 31. Qd6+ Kb7 32. Qc6+ Kb8
33. Rgd6 Qh7 0-1